000 00970cam a2200289 i 4500
001 13468
003 Mx-PuUPA
005 20260406142810.0
008 140415s1985 nyu fr 000 0 eng d
020 _a0553064010
040 _aMx-PuUPA
_bspa
_cMx-PuUPA
_dMx-PuUPA
_erda
041 0 _aeng
100 1 _aDumas, Alexandre,
_d1802-1870
_95406
_eautor
245 1 4 _aThe Count of Monte Cristo /
_cAlexandre Dumas ; translated and abridged by Lowell Bair
250 _aThe Greatest Historical Novels /
_bfebruary 1985
264 1 _aNew York, New York :
_bBantam Books,
_c1985
300 _a474 páginas ;
_c23 cm
336 _2rdacontent
_atexto
_btxt
337 _2rdamedia
_asin medio
_bn
338 _2rdacarrier
_avolumen
_bnc
490 0 _aThe Greatest Historical Novels
650 7 _2armarc
_aNovela francesa
_ySiglo XIX
700 1 _aBair, Lowell,
_ecolaborador
942 _2ddc
_cLI
_h843.8
_iD88
999 _c13468
_d13468